BPF/IPD Annual lease review 2002 (Record no. 71584)
[ view plain ]
| 000 -LEADER | |
|---|---|
| fixed length control field | 01130cam a2200229 4500 |
| 001 - CONTROL NUMBER | |
| control field | WB3843-11 |
| 008 - FIXED-LENGTH DATA ELEMENTS--GENERAL INFORMATION | |
| fixed length control field | 021119n2002 000 0 eng u |
| 035 ## - SYSTEM CONTROL NUMBER | |
| System control number | (Sirsi) u120500 |
| 245 ## - TITLE STATEMENT | |
| Title | BPF/IPD Annual lease review 2002 |
| 260 ## - PUBLICATION, DISTRIBUTION, ETC. | |
| Date of publication, distribution, etc. | 2002 |
| 490 ## - SERIES STATEMENT | |
| Series statement | BPF News |
| Volume/sequential designation | 1 November 2002, (1) |
| 520 ## - SUMMARY, ETC. | |
| Summary, etc. | The fifth edition (2002) of the British Property Federation (BPF) / Investment Property Databank annual lease review has been published. The review draws on detailed evidence of over 88 000 tenancies. It gives a full analysis of lease lengths, break clauses, review cycles, rent free periods and income profiles. The 3 700 new leases granted in 2001/2002 are incorporated in the analysis which is available to download at http://www.bpf.propertymall.com/publications/publications_publications_summary.php?id=31 News at http://www.bpf.propertymall.com/ |
| 590 ## - LOCAL NOTE (RLIN) | |
| Local note | WB |
| 650 ## - SUBJECT ADDED ENTRY--TOPICAL TERM | |
| Topical term or geographic name entry element | LEASE LENGTH |
| 650 ## - SUBJECT ADDED ENTRY--TOPICAL TERM | |
| Topical term or geographic name entry element | INVESTMENT PROPERTY DATABANK |
| 650 ## - SUBJECT ADDED ENTRY--TOPICAL TERM | |
| Topical term or geographic name entry element | RENT FREE PERIODS |
| 650 ## - SUBJECT ADDED ENTRY--TOPICAL TERM | |
| Topical term or geographic name entry element | BPF |
| 650 ## - SUBJECT ADDED ENTRY--TOPICAL TERM | |
| Topical term or geographic name entry element | BREAK CLAUSES |
| 650 ## - SUBJECT ADDED ENTRY--TOPICAL TERM | |
| Topical term or geographic name entry element | PROPERTY-COMMERCIAL PROPERTY |
| 690 ## - LOCAL SUBJECT ADDED ENTRY--TOPICAL TERM (OCLC, RLIN) | |
| Topical term or geographic name as entry element | LANDLORD AND TENANT-LEASES |
| 942 ## - ADDED ENTRY ELEMENTS (KOHA) | |
| Suppress in OPAC | 0 |
| Withdrawn status | Lost status | Source of classification or shelving scheme | Damaged status | Not for loan | Home library | Current library | Shelving location | Date acquired | Total Checkouts | Full call number | Barcode | Date last seen | Copy number | Price effective from | Koha item type |
|---|---|---|---|---|---|---|---|---|---|---|---|---|---|---|---|
| Dewey Decimal Classification | London | London | News article | 19/11/2002 | WB3843-11 | 120500-1001 | 06/08/2019 | 1 | 06/08/2019 | News article |